Multiple-Choice-Stadtquiz Mülheim an der Ruhr - Statistiken

Allgemein
  • Dieses Quiz wurde 645 mal gespielt
    639 seit der letzten Aktualisierung
  • Das Durchschnittsergebnis liegt bei 4 aus 10
Antwortstatistiken
Frage Antwort % Korrekt
In welchem Bundesland liegt Mülheim (Ruhr)? Nordrhein-Westfalen
97%
Welche Stadt hat einen bekannten Stadtteil, der auch Mülheim heißt? Köln
83%
Wie wird ein Park an der Westküste der Ruhr genannt? MüGa
52%
Welche Firma hat ihren Sitz in Mülheim? Aldi Süd
37%
Nach welchem Vogel ist eine Brücke an der Ruhr im Süden Mülheims benannt? Eisvogel
32%
Was gibt es an der Ruhr? Wasserbahnhof
30%
Welche U-Bahn verbindet Mülheim mit Essen? U18
28%
Was ist das einzigartige an diesem Schloß? Es ist die älteste karolingische Festung nördlich der Alpen
26%
In welchem Park steht Schloß Broich? Darlington Park
23%
Welcher Platz liegt am Rathaus Mülheims? Platz der deutschen Einheit
10%
Keine übereinstimmenden Quizze gefunden
Verteilung der Resultate
Anzahl Personen mit jedem Resultat
Perzentil nach korrekt beantworteten Fragen
Ihre Resultats-Entwicklung
Sie haben dieses Quiz seit der letzten Aktualisierung nicht gespielt